Audítorské postupy

Salvato in:
Dettagli Bibliografici
Autore principale: Kareš, Ladislav
Altri autori: Nagy, Július, Krišková, Petra, 1981-
Natura: Libro
Lingua:slovacco
Pubblicazione: Bratislava Wolters Kluwer 2014
Edizione:1. vyd.
Serie:Ekonómia 498
Soggetti:
Tags: Aggiungi Tag
Nessun Tag, puoi essere il primo ad aggiungerne!!

MARC

LEADER 00000nam a2200000 4500
001 0198850
005 20240502073347.8
020 |a 978-80-8168-061-8 
041 0 |a slo 
044 |a SK 
245 1 0 |a Audítorské postupy  |c Ladislav Kareš ; recenzovali: Július Nagy, Petra Krišková 
250 |a 1. vyd. 
264 1 |a Bratislava  |b Wolters Kluwer  |c 2014 
300 |a 142 s. [8,83 AH] 
490 1 |a Ekonómia  |v 498 
830 0 |a Ekonómia  |v 498 
610 2 0 |a audit 
610 2 0 |a audítorstvo 
610 2 0 |a audítori 
610 2 0 |a kontrola 
610 2 0 |a metódy 
610 2 0 |a štandardy audítorské medzinárodné 
100 1 |a Kareš, Ladislav 
700 1 |a Nagy, Július 
700 1 |a Krišková, Petra, 1981-